| 000 | 00572nam a22001697a 4500 | ||
|---|---|---|---|
| 003 | OSt | ||
| 005 | 20130611133759.0 | ||
| 008 | 130611s1972 sp ||||| |||| 00| 0 spa d | ||
| 040 | _cCDMR | ||
| 110 | 2 |
_93753 _aServicio Informativo Documental Español |
|
| 245 | 1 | 0 | _aPropuestas para un programa internacional de Investigaciones sobre Comunicación |
| 260 |
_aMadrid _bServicio Informativo Documental Español _c1972 |
||
| 300 | _a27 p. | ||
| 490 | 0 |
_aTextos y documentos. Temas políticos y sociales _v23 |
|
| 650 | 0 | 4 |
_93284 _aComunicació _xInvestigació |
| 942 |
_2udc _cFULLET |
||
| 999 |
_c6450 _d6450 |
||